Т. 1; Нефть, газ и нефтехимия Татарии

التفاصيل البيبلوغرافية
Parent link:Нефть, газ и нефтехимия Татарии: в 2 т./ Татнефть ; под ред. С. Л. Князев. Т. 1.— , 1978
اللغة:الروسية
منشور في: 1978
الموضوعات:
التنسيق: كتاب
KOHA link:https://koha.lib.tpu.ru/cgi-bin/koha/opac-detail.pl?biblionumber=674747

MARC

LEADER 00000nam2a2200000 4500
001 674747
005 20260130130522.0
090 |a 674747 
100 |a 20240920d1978 km|y0rusy50 ca 
101 0 |a rus 
102 |a RU 
105 |a y z 000yy 
181 0 |a i   |b  e  
182 0 |a n 
183 0 |a nc  |2 RDAcarrier 
200 0 |a Т. 1 
203 |a Текст  |b визуальный  |c непосредственный 
210 |d 1978 
215 |a 256 с. 
283 |a volume  |2 RDAcarrier 
320 |a Перечень использованных источников: с. 379-381 
320 |a Указ. имен: с. 382-391 
461 1 |0 (RuTPU)RU\TPU\book\346132  |t Нефть, газ и нефтехимия Татарии  |o в 2 т.  |f Татнефть ; под ред. С. Л. Князев  |v Т. 1  |d 1978 
606 1 |a Нефтегазоносность  |2 stltpush  |3 (RuTPU)RU\TPU\subj\45590  |9 64783 
606 1 |a Нефть  |x Химия  |2 stltpush  |3 (RuTPU)RU\TPU\subj\33709 
610 1 |a Татария 
610 1 |a нефтяные месторождения 
610 1 |a газовые месторождения 
610 1 |a нефтехимическая промышленность 
610 1 |a Татарстан 
610 1 |a история 
610 1 |a 17 век 
610 1 |a 18 век 
610 1 |a 19 век 
610 1 |a 20 век 
610 1 |a документы 
675 |a 553.98  |v 4 
675 |a 665.6  |v 4 
801 0 |a RU  |b 63413507  |c 20240920 
830 |a Ретро2024Каталогизация Шило 
850 |a 63413507 
942 |c BK